000 00588nam a2200217 4500
003 OSt
005 20260601171006.0
008 260514t2019\\\\mx\a||||\||||\00|\0\spa\d
040 _aICI
_bspa
_cICI
041 _aspa
050 _aTJ1195
_bT79 2019
110 _aTruper Herramientas
_932312
245 1 _aCatáogo 2019 :
_bsin precios
264 _bMéxico :
_cTruper Herramientas,
_a2018
300 _a544 páginas
336 _atexto
_2rdacontent
337 _asin medio
_2rdamedia
338 _avolumen
_2rdacarrier
650 _aHerramientas
_vCatálogos
_932313
942 _2lcc
_cB
_n1
999 _c20290
_d20290